A Filosofia Atual Pensar Sem Certezas /

Bibliographic Details
Main Author: Scavino, Dardo
Format: eBook
Language:Portuguese
Published: San Pablo: Editora Noeses, 2014
Subjects:
Online Access:Acceso restringido

MARC

LEADER 00000nam a22000007a 4500
005 20211111211439.0
007 cr|||| ||||
008 211111s2014 br |||||s|||| 00||0 por d
020 |a 9000000053205 
035 |a 35370 
040 |a vLex 
090 |c 12644  |d 12644 
100 1 |a Scavino, Dardo 
245 1 1 |a A Filosofia Atual  |h [Recurso electrn̤ico] :  |b Pensar Sem Certezas /  |c Dardo Scavino 
256 |a Servicio en ln̕ea 
260 |a San Pablo:  |b Editora Noeses,  |c 2014 
300 |a 1 recurso electrn̤ico 
500 |a Expe̳ alguns dos problemas da filosofia do “nosso tempo”, ou seja, a que se est ̀produzindo a partir do sčulo XX e quais os fils̤ofos considerados os contemporńeos deste pensamento, d ̀conta das queste̳s centrais que debatem os fils̤ofos: o estatuto da verdade, o relativismo cultural, os conflitos sociais, os usos da linguagem e os distintos rostos da ťica. 
506 1 |a Disponible solo en los productos indicados  |d vLex Global  |d vLex Global (Academic Edition, excluding Law Schools)  |d vLex Global (U.S. Academic Edition, Law Schools)  |d vLex Global (U.S. Academic Edition, excluding Law Schools)  |d vLex Global (Academic Edition, Law Schools) 
650 0 4 |a Filosofa̕ y religin̤  |z Brasil 
740 0 |a vLex Libros (Servicio en ln̕ea) 
856 4 0 |u https://app.vlex.com/#/sources/35370  |z Acceso restringido 
942 |c BOOK 
999 0 |a Philosophy and religion